1691 1936 1815 1001 1177 1384 1761 1786 1974 1926 1642 1469 1364 1246 1798 1140 1577 1516 1450 1938 1734 1158 1366 1015 1929 1309 1273 1100 1271 1290 1307 1558 1506 1276 1591 1583 1534 1819 1686 1240 1776 1185 1327 1687 1632 1668 1408 1824 1299 1870 1313 1215 1195 1748 1869 1496 1537 1695 1967 1463 1359 1538 1356 1681 1461 1546 1004 1622 1795 1080 1357 1308 1257 1759 1384 1823 1352 1510 1722 1364 1742 1957 1671 1945 1948 1129 1601 1199 1441 1081 1180 1569 1264 1241 1270 1168 1516 1759 1702 BCNSPRNW ULIB Ver.6.0+V

เปลี่ยนเป็นภาษาไทย

Change to English
 แสดงรายละเอียดบรรณานุกรม
  กลับหน้าหลัก

Brief Record : Get Marc (ISO 2709) : E-mail record : QR code < ปิดหน้าต่าง
LEADER : 00000nam 2200000uu 4500
001    13399126197
003     ULIB
008    180716s2015||||th 000 0 tha d
020    ^a9780521173803
050 00 ^aPE1128^bC172^cV.8
245 10 ^aCambridge practice tests for IELTS 8
260    ^aCambridge :^bCambridge University Press,^c2015
300    ^a176 p.:^bill. ;^c25 cm.
650 00 ^aInternational English Language Testing System.
650 00 ^aEnglish language^xExaminations, questions, etc.
650 00 ^aEnglish language^xTextbooks for foreign speakers
945    ^p0^l0^i26415
999    ^aกัณชพร จุลอักษร
รายการนี้ยังไม่มีแท็ก
คุณยังไม่ได้ล็อกอิน คุณสามารถมีกิจกรรมร่วมกับเว็บไซต์ได้ แต่ต้องล็อกอินก่อน ::
  ล็อกอิน

รายการสื่อสารสนเทศ

ลำดับที่ ประเภท เลขเรียก/บาร์โค้ด สถานที่ สถานะ
1. วิทยาศาสตร์การแพทย์ และสุขภาพ
วิทยาศาสตร์การแพทย์ และสุขภาพ
PE1128 C172 V.8 ฉ.1 
  Barcode: 26415
ห้องสมุดวิทยาเขตนครสวรรค์
►หนังสือทั่วไป:l:General Books
บนชั้น

รายการใกล้เคียง
    ชื่อเรื่อง [Cambridge practice tests for IELTS 8]

    หัวเรื่อง [International English Language Testing System.]

BibComment


ยังไม่เคยถูกคอมเมนท์

คอมเมนท์ทรัพยากรรายการนี้
  คอมเมนท์: Cambridge practi..


 Copyright 2026. Bcnsprnw @Library